Quick Pick: American Landmarks Quiz Stats

 Plays Quiz Updated Dec 3, 2016

Challenge
Share
Tweet
Embed
Score 0/20 Timer 01:30
0 Plays Today
% Correct
Gate
94.5%
Statue
94.4%
Walt
93.6%
Hoover
92.4%
Ford
89.2%
Faithful
88.6%
Liberty
88.3%
Needle
85.7%
Wright
85.5%
Library
85.2%
% Correct
Island
84.4%
McKinley
83.3%
Gateway
81.7%
Peak
79.4%
Sumter
76.1%
Caesar
65.6%
Diamonds
64.1%
Rock
61.8%
Falls
59.4%
Cave
57.4%

Today's Daily Dose

You're not logged in!

Compare scores with friends on all Sporcle quizzes.
Join for Free
OR
Log In

You Might Also Like...

Show Comments

Extras

Top Quizzes Today


Score Distribution

Your Account Isn't Verified!

In order to create a playlist on Sporcle, you need to verify the email address you used during registration. Go to your Sporcle Settings to finish the process.

Report this User

Report this user for behavior that violates our Community Guidelines.

Details: